Right to exclusive use precludes easement (Record no. 69355)

MARC details
000 -LEADER
fixed length control field 01093cam a2200229 4500
001 - CONTROL NUMBER
control field ABS64976
008 - FIXED-LENGTH DATA ELEMENTS--GENERAL INFORMATION
fixed length control field 020124n2001 000 0 eng u
035 ## - SYSTEM CONTROL NUMBER
System control number (Sirsi) u116432
100 ## - MAIN ENTRY--PERSONAL NAME
Personal name Greig, W
245 ## - TITLE STATEMENT
Title Right to exclusive use precludes easement
260 ## - PUBLICATION, DISTRIBUTION, ETC.
Date of publication, distribution, etc. 2001
490 ## - SERIES STATEMENT
Series statement CSM
-- Chartered Surveyor Monthly
Volume/sequential designation November/December 2001, 34(1)
520 ## - SUMMARY, ETC.
Summary, etc. Discusses how two recent CA cases have clarified the law regarding the distinction between easements and excluse rights over property. In "Hanina v Morland" the defendant's claim that she was entitled to a prescriptive easement to use the roof of a three storey property failed. A similar conclusion was drawn in "Batchelor v Marlow" which concerned a right of way over an upadopted road. It was found that the respondents practice of parking cars did not constitute a valid easement.
590 ## - LOCAL NOTE (RLIN)
Local note ABS
650 ## - SUBJECT ADDED ENTRY--TOPICAL TERM
Topical term or geographic name entry element EASEMENTS
650 ## - SUBJECT ADDED ENTRY--TOPICAL TERM
Topical term or geographic name entry element PRESCRIPTIVE RIGHTS
650 ## - SUBJECT ADDED ENTRY--TOPICAL TERM
Topical term or geographic name entry element HANINA V MORLAND
650 ## - SUBJECT ADDED ENTRY--TOPICAL TERM
Topical term or geographic name entry element BATCHELOR V MARLOW
650 ## - SUBJECT ADDED ENTRY--TOPICAL TERM
Topical term or geographic name entry element COPELAND V GREENHALF
690 ## - LOCAL SUBJECT ADDED ENTRY--TOPICAL TERM (OCLC, RLIN)
Topical term or geographic name as entry element Boundary disputes
9 (RLIN) 6221
942 ## - ADDED ENTRY ELEMENTS (KOHA)
Suppress in OPAC 0
Holdings
Withdrawn status Lost status Source of classification or shelving scheme Damaged status Not for loan Home library Current library Shelving location Date acquired Total Checkouts Full call number Barcode Date last seen Copy number Price effective from Koha item type
    Dewey Decimal Classification     London London Journal article 24/01/2002   ABS64976 116432-1001 06/08/2019 1 06/08/2019 Journal article